Hệ thống điện tại Sài Gòn

Αποθηκεύτηκε σε:
Λεπτομέρειες βιβλιογραφικής εγγραφής
Κύριος συγγραφέας: Nguyễn Văn Hòa
Μορφή: Βιβλίο
Γλώσσα:Undetermined
Έκδοση: Sài Gòn Học viện Quốc Gia Hành Chánh 1970
Θέματα:
Ετικέτες: Προσθήκη ετικέτας
Δεν υπάρχουν, Καταχωρήστε ετικέτα πρώτοι!
Thư viện lưu trữ: Trung tâm Học liệu Trường Đại học Cần Thơ
LEADER 00603nam a2200181Ia 4500
001 CTU_26351
008 210402s9999 xx 000 0 und d
082 |a 621 
082 |b H401 
100 |a Nguyễn Văn Hòa 
245 0 |a Hệ thống điện tại Sài Gòn 
245 0 |c Nguyễn Văn Hòa 
260 |a Sài Gòn 
260 |b Học viện Quốc Gia Hành Chánh 
260 |c 1970 
650 |a electric power systems - management,electric power transmission 
904 |i Nguyễn Quang Điền, 981013 
980 |a Trung tâm Học liệu Trường Đại học Cần Thơ